000 01107nam0a22002651 4500
001 v19\rc\1285237
005 20260406143731.0
035 _a(NLR Aleph) 004449371
090 _a4465814
_c4465814
100 _a20060306d1845 |||y0rusy50 ca
101 0 _arus
102 _aRU
105 _ay j |||||
200 1 _aВопросы и задачи из латинской этимологии
_eПо грамматике Л. Лейбрехта, с доп. для ниж. кл. Первой Моск. гимназии
210 _aМосква
_cУнив. тип.
_d1845
215 _a40 с.
_d21
604 _150010$aЛатинская грамматика
_1700#1$aЛейбрехт$bЛ.А.$f-1867$gЛюбим Антонович
_tЛатинская грамматика
_aЛейбрехт, Любим Антонович (-1867)
712 0 2 _aМосковская военная гимназия
_c1
_3RU\NLR\AUTH\889922948
_9341849
801 0 _aRU
_bNLR
_gpsbo
801 0 _aRU
_bRuMoRGB
_2psbo
801 1 _aRU
_bProSoft-M
_2rusmarc
852 _aNLR
_j18.91.3.26
899 _aБАН
942 _cBOOK
980 _aNB